Dairy marketing in sub-Saharan Africa : (Record no. 129984)
[ view plain ]
| 000 -LEADER | |
|---|---|
| fixed length control field | 01245nam a2200301 a 4500 |
| 001 - CONTROL NUMBER | |
| control field | 632681 |
| 003 - CONTROL NUMBER IDENTIFIER | |
| control field | ARRUPE |
| 005 - DATE AND TIME OF LATEST TRANSACTION | |
| control field | 20191112113720.0 |
| 008 - FIXED-LENGTH DATA ELEMENTS--GENERAL INFORMATION | |
| fixed length control field | 930715s1992 et a b 100 0 eng |
| 010 ## - LIBRARY OF CONGRESS CONTROL NUMBER | |
| LC control number | 92982768 |
| 020 ## - INTERNATIONAL STANDARD BOOK NUMBER | |
| International Standard Book Number | 9290532025 |
| 040 ## - CATALOGING SOURCE | |
| Original cataloging agency | DLC |
| Transcribing agency | DLC |
| 043 ## - GEOGRAPHIC AREA CODE | |
| Geographic area code | fb----- |
| 050 00 - LIBRARY OF CONGRESS CALL NUMBER | |
| Classification number | HD9275.A3572 |
| Item number | D35 1992 |
| 300 ## - PHYSICAL DESCRIPTION | |
| Other physical details | ill. ; |
| Dimensions | 21 cm. |
| 245 00 - TITLE STATEMENT | |
| Title | Dairy marketing in sub-Saharan Africa : |
| Remainder of title | proceedings of a symposium held at ILCA, Addis Ababa, Ethiopia, 26-30 November 1990 / |
| Statement of responsibility, etc | edited by Ray F. Brokken and Senait Seyoum. |
| 260 ## - PUBLICATION, DISTRIBUTION, ETC. (IMPRINT) | |
| Place of publication, distribution, etc | Addis Ababa, Ethiopia : |
| Name of publisher, distributor, etc | International Livestock Centre for Africa, |
| Date of publication, distribution, etc | [1992] |
| 300 ## - PHYSICAL DESCRIPTION | |
| Extent | vi, 392 p. : |
| 500 ## - GENERAL NOTE | |
| General note | "May 1992." |
| 504 ## - BIBLIOGRAPHY, ETC. NOTE | |
| Bibliography, etc | Includes bibliographical references. |
| 650 #0 - SUBJECT ADDED ENTRY--TOPICAL TERM | |
| Topical term or geographic name as entry element | Dairy products |
| Geographic subdivision | Africa, Sub-Saharan |
| General subdivision | Marketing |
| -- | Congresses. |
| 9 (RLIN) | 48544 |
| 650 #0 - SUBJECT ADDED ENTRY--TOPICAL TERM | |
| Topical term or geographic name as entry element | Dairy products industry |
| Geographic subdivision | Africa, Sub-Saharan |
| General subdivision | Congresses. |
| 9 (RLIN) | 48545 |
| 700 1# - ADDED ENTRY--PERSONAL NAME | |
| Personal name | Brokken, Ray F. |
| 9 (RLIN) | 48546 |
| 700 0# - ADDED ENTRY--PERSONAL NAME | |
| Personal name | Senait Seyoum. |
| 9 (RLIN) | 48547 |
| 710 2# - ADDED ENTRY--CORPORATE NAME | |
| Corporate name or jurisdiction name as entry element | International Livestock Centre for Africa. |
| 9 (RLIN) | 48548 |
| 906 ## - LOCAL DATA ELEMENT F, LDF (RLIN) | |
| a | 7 |
| b | cbc |
| c | orignew |
| d | 3 |
| e | ncip |
| f | 19 |
| g | y-gencatlg |
| 942 ## - ADDED ENTRY ELEMENTS (KOHA) | |
| Source of classification or shelving scheme | Library of Congress Classification |
| Koha item type | Monograph ( Printed materials) |
| Withdrawn status | Lost status | Source of classification or shelving scheme | Damaged status | Not for loan | Collection code | Home library | Current library | Shelving location | Date acquired | Total Checkouts | Full call number | Barcode | Date last seen | Price effective from | Koha item type |
|---|---|---|---|---|---|---|---|---|---|---|---|---|---|---|---|
| Library of Congress Classification | Main Collection | ARRUPE LIBRARY | ARRUPE LIBRARY | Main Collection | 12/11/2019 | HD9275.A3572 D35 1992 | 46600005704 | 12/11/2019 | 12/11/2019 | Monograph ( Printed materials) |